000 00846nas a2200277 4500
001 BR2011005395
003 BR-BrBNA
005 20231205115614.0
007 ta
008 230509b bl.|||p| |||| 00| 00por d
040 _aBR-BrBNA
_bpor
_cBiblioteca Nacional de Agricultura
041 _a(Pt)
072 _aN20
100 1 _aLevien, R.
100 1 _aFurlani, C.E.A.
100 1 _aGamero, C.A.
100 1 _aConte, O.
100 1 _aCavichioli, F.A.
245 1 _aSemeadura direta de milho com dois tipos de sulcadores de adubo em nível e no sentido do declive do terreno
650 _aMILHO
650 _aSEMEADURA MECÂNICA
650 _aPRODUTIVIDADE
773 0 _tCiência Rural (Brazil)
_xISSN 0103-8478
_g(Jun 2011), v. 41(6) p. 1003-1010
_wBR2011005395
909 _a202311
_bLúcia
_c55
_dLúcia Elande
942 _2AGRIS
_n0
_cANA
999 _c214753
_d214753